Faith / (Record no. 6063)

MARC details
000 -LEADER
fixed length control field 00493nam a22001817a 4500
003 - CONTROL NUMBER IDENTIFIER
control field GBCCL
005 - DATE AND TIME OF LATEST TRANSACTION
control field 20241126110555.0
008 - FIXED-LENGTH DATA ELEMENTS--GENERAL INFORMATION
fixed length control field 180425b ||||| |||| 00| 0 eng d
040 ## - CATALOGING SOURCE
Transcribing agency gbc
082 ## - DEWEY DECIMAL CLASSIFICATION NUMBER
Classification number 234.23
Item number WOM
100 ## - MAIN ENTRY--PERSONAL NAME
Personal name Womack, Don
9 (RLIN) 10922
245 ## - TITLE STATEMENT
Title Faith /
Statement of responsibility, etc. Don Womack [Introduction by Porter Barrington]
260 ## - PUBLICATION, DISTRIBUTION, ETC.
Place of publication, distribution, etc. Memphis:
Name of publisher, distributor, etc. Revival Times Press,
Date of publication, distribution, etc. 1971
300 ## - PHYSICAL DESCRIPTION
Extent 85 p.;
Dimensions 21 cm.
650 ## - SUBJECT ADDED ENTRY--TOPICAL TERM
Topical term or geographic name entry element Faith
9 (RLIN) 2645
650 ## - SUBJECT ADDED ENTRY--TOPICAL TERM
Topical term or geographic name entry element Bible
Form subdivision Biography
General subdivision Sermons
9 (RLIN) 10599
942 ## - ADDED ENTRY ELEMENTS (KOHA)
Source of classification or shelving scheme Dewey Decimal Classification
Koha item type Books
Holdings
Withdrawn status Lost status Source of classification or shelving scheme Damaged status Not for loan Home library Current Library Shelving location Date acquired Total checkouts Full call number Barcode Date last seen Copy number Price effective from Koha item type
    Dewey Decimal Classification     GRACE BIBLE COLLEGE GRACE BIBLE COLLEGE Theology 2018-04-25   234.23 WOM 009739 2025-05-01 c.1 2018-04-25 Books
© Grace Bible College Library 2025